000 00750nam a2200229 i 4500
001 117010
003 ES-MaACL
005 20250830111413.0
007 t|
008 071121s1950 sp |||| | spa d
080 _a282:304.4
080 _a351.83/.84(460)"1939/55"
245 0 3 _aEl pensamiento pontificio y la legislación social española /
_cprólogo de Pedro Rocamora.
250 _a4ª. ed.
260 _aMadrid :
_bPublicaciones Españolas,
_c1950.
300 _aXXIII, 306 p. ;
_c24 cm.
610 2 4 _aIglesia Católica-
_xDoctrina social
_94642
651 4 _aEspaña-
_xPolítica social-
_y1939-1975.
_9156814
700 1 _aRocamora, Pedro,
_d1910-1993
_9156813
852 _aES-MaACL
_jC-9203
999 _c117010
_d117010